01099 2200445 4500001002100000005001500021035002000036007000300056008004100059020002200100082001100122084002200133100001800155245006200173260003300235300001600268990001600284990001600300990001600316990001600332990001600348990001600364990001600380990001700396990001600413990001600429990001600445990001600461990001600477990001600493990001600509990001600525990001600541990001600557990001600573990001600589990001600605990001600621990001600637INLIS00000000000164920220727124227 a0010-0722000035ta220727 g 0 ind  a978-623-6729-44-1 a2x4.02 a2x4.02 AZI u c.230 aMuhammad Aziz1 aUshul Fiqih Kelas XII Madrasah Aliyah Peminatan Keagamaan aJakarta :bKemenag RI,c2020 a146 ;c29cm a2022/h/1607 a2022/h/1608 a2022/h/1609 a2022/h/1610 a2022/h/1611 a2022/h/1612 a2022/h/1613 a2022/h/16144 a2022/h/1615 a2022/h/1616 a2022/h/1617 a2022/h/1618 a2022/h/1619 a2022/h/1620 a2022/h/1621 a2022/h/1622 a2022/h/1623 a2022/h/1624 a2022/h/1625 a2022/h/1626 a2022/h/1627 a2022/h/1628 a2022/h/1629